[Event "Dvorkovich Memorial op"]
[Site "Taganrog"]
[Date "2018.01.22"]
[Round "8"]
[White "Cheliadinov, Sergei"]
[Black "Rjabzev, Konstantin"]
[Result "1/2-1/2"]
[WhiteElo "1869"]
[BlackElo "2274"]
[PlyCount "121"]
[EventDate "2018.01.15"]
[EventType "swiss"]
[EventRounds "9"]
[EventCountry "RUS"]
[SourceTitle "CBM 182 Extra"]
[Source "ChessBase"]
[SourceDate "2018.02.23"]
[SourceVersion "1"]
[SourceVersionDate "2018.02.23"]
[SourceQuality "1"]

1. d4 d6 2. c4 e5 3. d5 f5 4. Nc3 Nf6 5. e3 Be7 6. Nf3 0-0 7. Be2 a5 8. h3 Nbd7 9. g4 Nc5 10. gxf5 Bxf5 11. Nh4 Qd7 12. Nxf5 Qxf5 13. f3 e4 14. f4 Rae8 15. Nb5 Nd3+ 16. Kf1 Bd8 17. Nd4 Qg6 18. Rg1 Qh6 19. Rg3 Nd7 20. Ne6 Rxe6 21. dxe6 N7c5 22. Bg4 Nxe6 23. Qc2 Nec5 24. Bd2 Bf6 25. Rb1 Kh8 26. Rg2 g5 27. f5 Qh4 28. Qd1 Be5 29. Be1 Qh6 30. Bxa5 Qf6 31. Kg1 b6 32. Bd2 Nxb2 33. Qc2 Ncd3 34. Rf1 Qf7 35. Bc3 Nxc4 36. Bxe5+ Ncxe5 37. f6 Qg6 38. Qxc7 Rxf6 39. Qd8+ Kg7 40. Qe7+ Qf7 41. Qxf7+ Rxf7 42. Rxf7+ Nxf7 43. Bf5 Nc5 44. Rb2 h5 45. Rxb6 Kf6 46. Bc8 Ke5 47. Ba6 g4 48. hxg4 hxg4 49. Be2 Nh6 50. Kg2 Nf5 51. Bxg4 Nxe3+ 52. Kg3 d5 53. Be2 d4 54. Rb5 Kd5 55. Kf2 Nc2 56. Bd1 d3 57. a4 Kc4 58. Rb2 Kc3 59. Rxc2+ dxc2 60. Bxc2 Kxc2 61. Ke3 1/2-1/2

[Event "Dvorkovich Memorial op"]
[Site "Taganrog"]
[Date "2018.01.17"]
[Round "3"]
[White "Tsoi, Dmitry"]
[Black "Cheliadinov, Sergei"]
[Result "1-0"]
[WhiteElo "2371"]
[BlackElo "1869"]
[PlyCount "130"]
[EventDate "2018.01.15"]
[EventType "swiss"]
[EventRounds "9"]
[EventCountry "RUS"]
[SourceTitle "CBM 182 Extra"]
[Source "ChessBase"]
[SourceDate "2018.02.23"]
[SourceVersion "1"]
[SourceVersionDate "2018.02.23"]
[SourceQuality "1"]

1. c4 c6 2. Nf3 d5 3. e3 Nf6 4. Qc2 g6 5. b3 Bg7 6. Bb2 0-0 7. Be2 Na6 8. 0-0 Re8 9. Rd1 Bf5 10. d3 Qb6 11. Nc3 Nc5 12. Rac1 Rac8 13. Qb1 e5 14. Qa1 dxc4 15. bxc4 Rcd8 16. e4 Bg4 17. Ba3 Bxf3 18. Bxc5 Qxc5 19. Bxf3 Qd4 20. Qb1 Rb8 21. Ne2 Qc5 22. Rc3 Red8 23. Rb3 b6 24. Qb2 h5 25. Qa3 Qxa3 26. Rxa3 Rb7 27. d4 exd4 28. Rxd4 Rbd7 29. Rxd7 Rxd7 30. g3 Ng4 31. Bxg4 hxg4 32. Nf4 Bf8 33. Ra6 Bc5 34. h3 gxh3 35. Nxh3 Re7 36. e5 Bd4 37. e6 fxe6 38. Ng5 e5 39. Ne4 Rf7 40. Kg2 Kg7 41. f3 Rc7 42. a4 Kf7 43. Kh3 Be3 44. Kg4 Ke6 45. a5 Kd7 46. axb6 axb6 47. Ra8 Rc8 48. Ra7+ Rc7 49. Ra3 Bc1 50. Ra1 Be3 51. Re1 Bh6 52. Rd1+ Ke7 53. Rd6 Kf7 54. Rf6+ Kg7 55. Re6 Kf7 56. Rd6 Rc8 57. Rf6+ Kg7 58. Re6 Kf7 59. Rxe5 Rd8 60. c5 bxc5 61. Rxc5 Rd5 62. Rxc6 Kg7 63. Rc7+ Kh8 64. Nf6 Rd4+ 65. f4 Bg7 1-0